000 00501nam a2200181Ia 4500
999 _c685
_d685
003 OSt
005 20201207111355.0
008 151015s9999 xx 000 0 und d
020 _a9966495835
040 _aMMU
_beng
_cMMU
_dMMU
050 _aQA11.M 2003
100 _aMugo Kinyua
245 _aAdvancing in Mathematics Form 2/
_cKinyua Mugo.
260 _aKenya:
_bLonghorn Publishers,
_c 2003.
650 _a_General Mathematics
700 _a^d20110114 10:05:32^okilerai
942 _2lcc
_cLOAN LOAN